Größte Orte in Hessen A-Z - Statistiken

Allgemein
  • Dieses Quiz wurde 107 mal gespielt
  • Das Durchschnittsergebnis liegt bei 15 aus 23
Antwortstatistiken
Landkreis Einwohnerzahl Ort % Korrekt
F kreisfrei 775.790 Frankfurt am Main
99%
G keine Hinweise, das wäre sonst zu einfach 94.996 Gießen
93%
K kreisfrei 204.687 Kassel
93%
O kreisfrei 135.490 Offenbach am Main
93%
D kreisfrei 164.792 Darmstadt
92%
H Main-Kinzig 103.184 Hanau
92%
M keine Hinweise, das wäre sonst zu einfach 78.203 Marburg
92%
W kreisfrei 285.522 Wiesbaden
91%
R Groß-Gerau 67.656 Rüsselsheim am Main
83%
B Hochtaunus 55.995 Bad Homburg vor der Höhe
74%
T Rheingau-Taunus 30.820 Taunusstein
59%
I Rheingau-Taunus 25.709 Idstein
57%
V Bergstraße 34.348 Viernheim
57%
N Offenbach 39.420 Neu-Isenburg
52%
U Hochtaunus 15.095 Usingen
51%
L Offenbach 40.009 Langen (Hessen)
48%
P Darmstadt-Dieburg 25.299 Pfungstadt
48%
C Kassel 7.609 Calden
44%
A Vogelsberg 16.205 Alsfeld
42%
Z Bergstraße 7.284 Zwingenberg (Bergstraße)
41%
S Offenbach 21.751 Seligenstadt
37%
E Main-Taunus 22.551 Eschborn
35%
J Main-Kinzig 3.429 Jossgrund
23%
Keine übereinstimmenden Quizze gefunden
Verteilung der Resultate
Anzahl Personen mit jedem Resultat
Perzentil nach korrekt beantworteten Fragen
Ihre Resultats-Entwicklung
Sie haben dieses Quiz noch nicht gespielt